000 00324nam a2200121Ia 4500
008 220204s9999 xx 000 0 und d
082 _a31(031)
_bKRU
245 0 _aInternational encyclopedia of statistics. 2 V
260 _aNew York
_bFree press
_c1978
700 _aKruskal, William H
700 _aTanur, J M
942 _cBK
999 _c31430
_d31430